Cosmetic Technology (Record no. 9077)
[ view plain ]
| 000 -LEADER | |
|---|---|
| fixed length control field | 00422nam a22001577a 4500 |
| 003 - CONTROL NUMBER IDENTIFIER | |
| control field | OSt |
| 008 - FIXED-LENGTH DATA ELEMENTS--GENERAL INFORMATION | |
| fixed length control field | 200715b ||||| |||| 00| 0 eng d |
| 020 ## - INTERNATIONAL STANDARD BOOK NUMBER | |
| International Standard Book Number | 978-8186270554 |
| 100 ## - MAIN ENTRY--PERSONAL NAME | |
| Personal name | Nanda Sanju Nanda,Arun Khar,Roop K |
| 245 ## - TITLE STATEMENT | |
| Title | Cosmetic Technology |
| 250 ## - EDITION STATEMENT | |
| Edition statement | 2019 |
| 260 ## - PUBLICATION, DISTRIBUTION, ETC. (IMPRINT) | |
| Place of publication, distribution, etc | New Delhi |
| Name of publisher, distributor, etc | Birla Publications Pvt. Ltd. |
| Date of publication, distribution, etc | 2019 |
| 300 ## - PHYSICAL DESCRIPTION | |
| Extent | 479 |
| 650 ## - SUBJECT ADDED ENTRY--TOPICAL TERM | |
| Topical term or geographic name as entry element | Pharmaceutical Dosage form /Cosmetic |
| 942 ## - ADDED ENTRY ELEMENTS (KOHA) | |
| Source of classification or shelving scheme | Dewey Decimal Classification |
| Koha item type | Text Books |
| Withdrawn status | Lost status | Source of classification or shelving scheme | Damaged status | Not for loan | Collection code | Home library | Current library | Date acquired | Source of acquisition | Currency | Cost, normal purchase price | Bill Number | Total Checkouts | Full call number | Acc. no. / Barcode | Date last seen | Actual Cost, discounted price | Bill Date | Koha item type | Date last borrowed |
|---|---|---|---|---|---|---|---|---|---|---|---|---|---|---|---|---|---|---|---|---|
| Dewey Decimal Classification | B.Pharma | PIET C-LIBRARY | PIET C-LIBRARY | 01/02/2020 | Kirti Prakashan | Indian Rup | 650.00 | IN6239 | 668.55 NAC | BP685 | 15/07/2020 | 435.50 | 01/02/2020 | Text Books | ||||||
| Dewey Decimal Classification | B.Pharma | PIET C-LIBRARY | PIET C-LIBRARY | 01/02/2020 | Kirti Prakashan | Indian Rup | 650.00 | IN6239 | 1 | 668.55 NAC | BP686 | 31/08/2024 | 435.50 | 01/02/2020 | Text Books | 01/07/2024 | ||||
| Dewey Decimal Classification | B.Pharma | PIET C-LIBRARY | PIET C-LIBRARY | 01/02/2020 | Kirti Prakashan | Indian Rup | 650.00 | IN6239 | 1 | 668.55 NAC | BP687 | 13/03/2024 | 435.50 | 01/02/2020 | Text Books | 04/03/2024 |